| 000 | 01294nam a2200325 c 4500 | ||
|---|---|---|---|
| 999 |
_c342995 _d342995 |
||
| 003 | BLK | ||
| 005 | 20230405105452.0 | ||
| 008 | 180911b bul|||||r ||||||| ||bul|| | ||
| 010 | _a002656 | ||
| 040 | _aBLK | ||
| 041 |
_aBUL _cBUL |
||
| 080 | _z885.0-1 | ||
| 100 | 1 |
_aХристов, Кирил _d1875-1944 _gПоет, писател, драматург, публицист, преводач _qГенчев, Кирил Христов _9396616 |
|
| 245 | 0 | 0 | _aОгледалата на Вълтава |
| 246 |
_aАнтология чешки поети _pлирика-стихотворения |
||
| 260 |
_aСофия _bДърж. изд. _c1946 _fКнипеграф |
||
| 300 |
_a120 с _c18 см |
||
| 380 | _a82 | ||
| 490 | _aБиблиотека младежка култура | ||
| 490 |
_aЧастна колекция - Академик Михаил Арнаудов _gДарение - Основен фонд |
||
| 500 | _aПодчертавания в текста и коментарии за чешкия поет Петър Безруч : с. 112-114; | ||
| 653 | _aлирика | ||
| 653 | _aстихотворения | ||
| 655 |
_aчешка литература _9397597 |
||
| 700 | 1 |
_aКирил Христов _9397762 |
|
| 700 | 1 |
_aЦветана Вранска _e Ред. _9397763 |
|
| 852 | _aМА 1046 | ||
| 942 |
_cKNG _n0 _s1 |
||
| 944 |
_aCR _c1996 _kValK |
||
| 999 | _d342995 | ||